000 00675nam a2200241Ia 4500
005 20260121112546.0
008 6960 260114s9999 xx 000 0 eng d
020 _a9789814280136
037 _aEBOOK
040 _aCRL
_beng
_cCRL
041 _aeng
_2eng
084 _qCRL
100 _aGanne Bernard Et Al
_9959543
245 0 _aAsian Industrial Clusters, Global Competitiveness and New Policy Initiatives
260 _bWorld Scientific
260 _bWSPC
260 _c2009
650 _aAsian Studies
_9959544
856 _uhttps://www.worldscientific.com/worldscibooks/10.1142/7374#t=toc
942 _cEBOOK
999 _c1544260
_d1544260